A Branca de Neve e os sete anões (Registo nº 2019)
[ vista simples ]
| 000 -Etiqueta do registo | |
|---|---|
| Cabeçalho | 00777nam a22002651 4500 |
| 005 - Identificador da versão | |
| Campo de controlo | 20240827112103.0 |
| 010 ## - Número internacional normalizado dos livros (ISBN) | |
| Número (ISBN) | 9720715626 |
| 021 ## - Número do Depósito Legal | |
| Código do país | PT |
| Número | 212495/04 |
| 100 ## - Dados gerais de processamento | |
| Dados gerais de processamento | 20050930d2004 bc y0pory5003 ba |
| 101 1# - Língua de publicação | |
| Língua do texto, banda sonora, etc. | Português |
| Língua do documento no original | Francês |
| 102 ## - Pais de publicação ou produção | |
| País de publicação | Portugal |
| 105 ## - Campo de dados codificados: livros | |
| Dados codificados dos livros | a z 000fy |
| 106 ## - Campo de dados codificados: material textual | |
| Dados codificados do material textual | r |
| 200 1# - Titulo e menção de responsabilidade | |
| Título próprio | A Branca de Neve e os sete anões |
| Informação de outro título | uma história com seis puzzles |
| Primeira menção de responsabilidade | Van Gool |
| 205 ## - Menção da edição | |
| Menção da edição | [1ª ed.] |
| 210 ## - Publicação, Distribuição, etc. | |
| Lugar da edição, distribuição, etc. | Porto |
| Nome do editor, distribuidor, etc. | Porto Editora |
| Data da publicação, distribuição, etc. | 2004 |
| 215 ## - Descrição física | |
| Indicação específica da natureza do documento e extensão da espécie | 13 p. cartonadas |
| Outras indicações físicas | il. |
| Dimensões | 19 cm |
| 225 2# - Colecção | |
| Título próprio da colecção | Livros-puzzles contos clássicos |
| Indicação de volume | 3 |
| 300 ## - Notas gerais | |
| Texto da nota | Contém 6 puzzles distribuídos ao longo da história |
| 606 ## - Nome comum usado como assunto | |
| Número de registo de entrada de autoridade | 0000001 |
| Palavra de ordem | Literatura estrangeira infantil |
| Subdivisão de assunto | Conto |
| 675 ## - Classificação Decimal Universal (CDU) | |
| Notação | 82-34 |
| Edição | 2ª |
| Língua da edição | por |
| 700 #1 - Nome de autor-pessoa física (responsabilidade principal) | |
| Número de registo de entrada de autoridade | 0000714 |
| Palavra de ordem | Gool |
| Outra parte do nome não tomada para palavra de ordem | A. Van |
| 942 ## - Elementos de entrada adicionados (Koha) | |
| Tipo de item no Koha | Livro |
| Situação do levantamento | Origin of item (home branch) (coded) | Biblioteca de empréstimo | Código de barras | Cota | Circulation type (not for loan) | Tipo de documento | Nota do exemplar | Damaged status |
|---|---|---|---|---|---|---|---|---|
| Biblioteca Escolar da Coca Maravilhas | Biblioteca Escolar da Coca Maravilhas | BECM6984/05 | 8EST GOO | Livro | Sem mensagem |
